O dereito vivo. O direito nao é uma pura teoria, mas uma força viva.

Salvato in:
Dettagli Bibliografici
Autore principale: Meira, Silvio A.B (autor)
Natura: Libro
Pubblicazione: Goiânia, Brasil: Universidade Federal de Goiás, 1984.
Soggetti:
Tags: Aggiungi Tag
Nessun Tag, puoi essere il primo ad aggiungerne!!

MARC

LEADER 00000nam a22000007a 4500
003 CL-VaPUC
005 20220822114704.0
008 220721t1984 ||||| |||| 00| 0 eng d
999 |c 437391  |d 437389 
020 |a 85-85003-17-0 
040 |c Pontificia Universidad Católica de Valparaíso 
082 7 |a 349.81 MEI 1984  |2 22 
100 |a Meira, Silvio A.B  |9 398502  |e autor 
245 |a O dereito vivo.   |b O direito nao é uma pura teoria, mas uma força viva.  
260 |a Goiânia, Brasil:  |b Universidade Federal de Goiás,  |c 1984. 
300 |a 293 páginas.  
500 |a c.1 Donación Familia Prof. Alejandro Guzmán Brito. 
583 |c 20220721  |k Cristina María Rojas Aguilar 
650 |a Derecho   |z Brasil   |x Historia  |9 873660 
942 |2 ddc  |c BK  |n 0 
952 |0 0  |1 0  |2 ddc  |4 0  |6 349_810000000000000_MEI_1984  |7 0  |8 C_AGB  |9 585157  |a BIBDER  |b BIBDER  |d 2022-07-21  |e Donación   |i 5653181  |o 349.81 MEI 1984  |p 5653181  |r 2023-01-25  |t 1  |w 2022-07-21  |y BK_US  |k AGB